Imágenes de la migración : el resplandor de la memoria, la fotografía en una experiencia migratoria México-Estados Unidos /
Zapisane w:
| 1. autor: | |
|---|---|
| Format: | Elektroniczne E-book |
| Język: | hiszpański |
| Wydane: |
Tlalpan, Ciudad de México :
Bonilla Artigas Editores,
[2017]
|
| Seria: | Diásporas imagen ;
1. |
| Hasła przedmiotowe: | |
| Dostęp online: | Digitalia Hispánica |
| Etykiety: |
Dodaj etykietę
Nie ma etykietki, Dołącz pierwszą etykiete!
|
MARC
| LEADER | 00000nam a2200000 i 4500 | ||
|---|---|---|---|
| 001 | DIGBONART0160 | ||
| 003 | NyNyDIG | ||
| 007 | cr ||||||||||| | ||
| 008 | 200608s2017 mx ac ob 000 0 spa d | ||
| 006 | m o d | ||
| 035 | |a (OCoLC)1258693362 | ||
| 040 | |a DGITA |b eng |e rda |e pn |c DGITA | ||
| 020 | |a 9786078560455 |q eBook | ||
| 020 | |z 9786078450985 | ||
| 043 | |a n-mx--- | ||
| 050 | 1 | 4 | |a JV7401 ebook |
| 082 | 1 | 4 | |a 325.2720973 |
| 100 | 1 | |a Zarur, Alejandro, |e author. | |
| 245 | 1 | 0 | |a Imágenes de la migración : |b el resplandor de la memoria, la fotografía en una experiencia migratoria México-Estados Unidos / |c Alejandro Zarur Osorio. |
| 264 | 1 | |a Tlalpan, Ciudad de México : |b Bonilla Artigas Editores, |c [2017] | |
| 300 | |a 1 online resource : |b illustrations, portraits. | ||
| 336 | |a text |b txt |2 rdacontent | ||
| 337 | |a computer |b c |2 rdamedia | ||
| 338 | |a online resource |b cr |2 rdacarrier | ||
| 347 | |a text file |2 rdaft | ||
| 347 | |b PDF | ||
| 490 | 1 | |a Diásporas imagen ; |v 1 | |
| 504 | |a Includes bibliographical references. | ||
| 588 | 0 | |a Online resource; title from PDF title page (Digitalia, viewed June 15, 2021) | |
| 651 | 0 | |a Mexico |x Emigration and immigration |v Pictorial works. | |
| 655 | 0 | |a Electronic books. | |
| 791 | 2 | |a Digitalia (Firm), |e distributor. | |
| 793 | 0 | |g Digitalia eBook Collection: |a Bonilla Artigas Editores | |
| 776 | 0 | 8 | |i Print version: |a Zarur, Alejandro. |t Imágenes de la migración. |b Primera edición. |d Tlalpan, Ciudad de México : Bonilla Artigas Editores, 2017 |z 9786078450985 |w (OCoLC)1076275558 |
| 830 | 0 | |a Diásporas imagen ; |v 1. | |
| 856 | 4 | 0 | |3 Digitalia Hispánica |u https://digitalia.unach.elogim.com/a/81461/ |
| 910 | |a Premium collection: 2021 | ||